Quizzes
Events
Quiz Creation
Community
Videos
Private Events
Remove Ads
Sign In
Join for FREE
Feedback
Dark Mode
Quiz Categories
Sports
Geography
Music
Movies
Television
Just For Fun
Miscellaneous
History
Literature
Language
Science
Gaming
Entertainment
Religion
Holiday
For Kids
Quiz Lab
Recent
Popular Today
Quiz Kudos Today
Editor Picks
Curator Picks
Quizzes by...
Day
Popularity
Type
Ratings
Length
Year
Community
Subscriptions
Recent Discussions
Orange Saloon
Badges
Playlists
Quests
Create
Leaderboards
Showdown
Live 5
Trivia Bingo
Activity
Puzzle Library
Sporcle Events
Private Events
Virtual Trivia
Globe League
Become a Host
Pub Owners
SporcleCon
Opinionation
Our Games
Videos
Blog
Mobile Apps
Partnerships
Remove Ads and Go Orange
Feedback
Sports
Athletes
MLB
NBA
NHL
NFL
Soccer
Sports Teams
WWE
NCAA
Football
Premier League
Basketball
Baseball
Hockey
Golf
Tennis
Cricket
Rugby
Auto Racing
Olympics
World Cup
Sports
Athletes
MLB
NBA
NHL
NFL
Soccer
Sports Teams
WWE
NCAA
Football
Premier League
Basketball
Baseball
Hockey
Golf
Tennis
Cricket
Rugby
Auto Racing
Olympics
World Cup
Random Quiz
Search Sporcle
×
Quiz Lab
Quiz Lab
Sports
Baseball
Type in answers that appear in a list
Type in answers that appear in a list
Classic
Best Score? Go Orange.
Most Intentional Walks Stats
Can you name the Major League Baseball players who have been intentionally walked the most times?
By
Voosh
6m
25 Questions
284 Plays
284 Plays
284 Plays
Comments
Comments
Give Quiz Kudos
Give Quiz Kudos
-
- Ratings
hide this ad
Replay
Link that replays current quiz
Next Quiz
Link to next quiz in quiz playlist
You Got
0%
They Got
Avg Score
39%
Avg Friend Score
Upgrade to see
Score Distribution
Jump to the score distribution portion of the page
Score
0/25
Timer
06:00
0
Plays Today
Player
% Correct
Barry Bonds
99.6%
Albert Pujols
74.6%
Hank Aaron
68.6%
Ken Griffey, Jr.
67.8%
Willy Mays
64.7%
Billy Williams
63.6%
Manny Ramirez
60.8%
Mike Schmidt
48.1%
Willie McCovey
45.6%
Frank Robinson
43.1%
Willie Stargell
37.1%
Ernie Banks
35.7%
George Brett
34.3%
Player
% Correct
Eddie Murray
33.6%
Vladimir Guerrero
31.8%
Todd Helton
28.6%
Dave Winfield
28.6%
Wade Boggs
26.5%
Carl Yastrzemski
24.4%
Carlos Delgado
22.3%
19.8%
Chili Davis
12.4%
Harold Baines
7.4%
Ted Simmons
4.6%
Rusty Staub
0.7%
Quiz Playlist
Details
Report
Send in Message
Add To Playlist
Classic:
Type in answers that appear in a list
Quiz Source
Last Updated: Feb 16, 2017
Quiz Scoreboard
CHALLENGE
Sign Up to Join the Scoreboard
Show All
Scores
Hide
Comments
May contain spoilers
Recently Published
Click the 1999 NBA Draft
by nibperrychub
Sports
2m
Alphabetical 'K' Countries by Flag Minefield
by ylime102
Geography
3m
Pick 6: Fruits
by JohnFran
Miscellaneous
15s
More to Explore
Quiz From the Vault
Featured Blog Post
15 Basketball Trivia Facts You Can Be March Mad About
hide this ad
You Might Also Like...
Tags
Baseball Quiz
intentional
Intentionally
League
major
Major League
Player
Walk
Today's Top Quizzes in Sports
Browse Sports
hide this ad
Today's Top Quizzes in Baseball
Browse Baseball
Top Contributed Quizzes in Sports
1
Don't Strike Out: 3000 Strikeouts
2
MLB 2 truths and a lie: Hall of Fame pitchers
3
MLB Players with Two .350 Batting Average Seasons
4
Last 10 Members of the 500 HR Club in Order
5
Criteria MLB: Left Handed Sluggers
6
One Time Final Four Teams
7
Millionaire: NBA Finals Edition
8
MLB Teams by First Game
9
Pitchers With Multiple No-Hitters
10
Pick 6: NFL Teams
Explore More
Trending Topics
NBA
Marvel
Disney
Kpop
Anime
Crossword
Harry Potter
Pokémon
Soccer
WWE
Song
Puzzle
NFL
Country
The Office
hide this ad
More By:
Voosh
Quiz
Plays
Rating
Category
Featured
Created
Division 1 'State' Schools
7,294
3.72
Sports
Sep 23, 2009
Shared Nicknames in Major Sports
785
3.89
Geography
Sep 28, 2009
Most Intentional Walks
284
4.50
Sports
Sep 23, 2009
NCAA First Round Upsets
192
4.67
Sports
Dec 18, 2009
Go to Creator's Profile
Score Distribution
Quiz Creator Spotlight
Voosh
Follow
Send a Message
Quizzes Created
-
Created Quiz Play Count
-
More By This Creator
Popular Quizzes Today
1
Find the US States - No Outlines Minefield
2
Countries of Asia Without Outlines Minefield
3
Pick 6: Fruits
4
Alphabetical 'K' Countries by Flag Minefield
5
The Countries of the World
6
Click the 1999 NBA Draft
7
Match the Book to the Film X
8
Find the US States
More Sports Quizzes
MLB 20-Game Winners (2000s)
Published
Trending Quizzes
Pick 6: Harry Potter
Pick 6: Golfers
Pick 6: Movie Franchises
Pick 6: Foods
Pick 6: Landmarks
Recently Updated
Women's Final Four Teams by Year
bhenderson79
Presidents Quartet II
eogle
Anything But Clue(do)
eogle
Anything But Oceanian Capitals
eogle
Anything But 7
eogle
Anything But Thing
eogle
Word Ladder: February 29
pecheneg
Song Title Questions
pecheneg
Women's NCAA Tournament #1 Seeds
pecheneg
Celebrity Mug Shots
pecheneg
Trending Topics
NBA
Disney
Harry Potter
Kpop
Crossword
Marvel
Anime
The Office
Song
NFL
Soccer
Puzzle
Pokémon
Country
WWE
Your Account Isn't Verified!
In order to create a playlist on Sporcle, you need to verify the email address you used during registration. Go to your
Sporcle Settings
to finish the process.
Report this User
Report this user for behavior that violates our
Community Guidelines
.
Details:
Send Report
Go to the Sporcle.com Mobile Site →
Comments